| 000 | 01043nam a22002897a 4500 | ||
|---|---|---|---|
| 003 | CHAP | ||
| 005 | 20220329143542.0 | ||
| 008 | 100518s1995 mx a r 00010 spa d | ||
| 010 | _a98440 | ||
| 011 | _a99412 | ||
| 035 | _a110098 | ||
| 040 | _cCHAP | ||
| 090 | _aFolleto 17650 | ||
| 100 | 1 |
_aCyphers, Ann _930809 |
|
| 245 | 1 | 0 |
_aDescifrando los misterios de la cultura olmeca : _buna exposición museografica de los resultados del proyecto arqueológico San Lorenzo Tenochtitlán 1990-1994 _c/por Ann Cyphers |
| 260 |
_aMéxico, D.F. : _bUNAM. Instituto de Investigaciones Antropológicas, _c1995 |
||
| 300 |
_a31 p. : _bilus. |
||
| 590 |
_aBATCH-UPD _b10 _c20130110 _lUCH01 _h1457 |
||
| 590 |
_aBATCH-UPD _b10 _c20130410 _lUCH01 _h0920 |
||
| 590 |
_aBATCH-UPD _b10 _c20130914 _lUCH01 _h1136 |
||
| 590 |
_aCONVERSION _b10 _c20130109 _lUCH01 _h1354 |
||
| 650 | 1 | 4 |
_aMéxico _xHistoria _xEpoca prehispánica. _976759 |
| 650 | 1 | 4 |
_aOlmeca. _983163 |
| 901 | _aBK | ||
| 942 | _cFOLL | ||
| 949 |
_aFolleto 17650 _bBC _cFOLL _d33724002163347 _eTS1 _i110098 _sb |
||
| 999 |
_c98440 _d98440 |
||